[Event "GER-chT U20"]
[Site "Magdeburg"]
[Date "2023.12.29"]
[Round "6.7"]
[White "Jahrke, Jonas"]
[Black "Spaeth, Rene"]
[Result "1-0"]
[WhiteElo "1831"]
[BlackElo "1588"]
[PlyCount "59"]
[EventDate "2023.12.26"]
[EventType "team-swiss"]
[EventRounds "7"]
[EventCountry "GER"]
[SourceTitle "CB03_2024"]
[SourceDate "2024.01.17"]
[SourceVersion "1"]
[SourceVersionDate "2024.01.17"]
[SourceQuality "1"]
[WhiteTeam "Essen Katernberg"]
[BlackTeam "Biberach"]
[WhiteTeamCountry "GER"]
[BlackTeamCountry "GER"]

1. Nf3 d5 2. g3 Nf6 3. Bg2 Bf5 4. 0-0 e6 5. b3 Be7 6. Bb2 0-0 7. c4 c6 8. d3 h6 9. Nbd2 Nbd7 10. Rc1 Rc8 11. Rc2 Re8 12. Qa1 Bf8 13. Rfc1 a6 14. h3 Qe7 15. Ne5 Red8 16. Ndf3 Ne8 17. Kh2 f6 18. Nxd7 Qxd7 19. cxd5 exd5 20. Rd2 Bb4 21. Bc3 Bxc3 22. Qxc3 Qe7 23. e3 Nd6 24. a4 Kf8 25. Nd4 Bh7 26. Ne2 Kg8 27. Nf4 Nf7 28. Rdc2 Ng5 29. Bxd5+ cxd5 30. Qxc8 1-0

[Event "GER-chT U20"]
[Site "Magdeburg"]
[Date "2023.12.28"]
[Round "4.8"]
[White "Rabenstein, Jonathan"]
[Black "Jahrke, Jonas"]
[Result "0-1"]
[WhiteElo "1441"]
[BlackElo "1831"]
[PlyCount "47"]
[EventDate "2023.12.26"]
[EventType "team-swiss"]
[EventRounds "7"]
[EventCountry "GER"]
[SourceTitle "CB03_2024"]
[SourceDate "2024.01.17"]
[SourceVersion "1"]
[SourceVersionDate "2024.01.17"]
[SourceQuality "1"]
[WhiteTeam "Magdeburg USC"]
[BlackTeam "Essen Katernberg"]
[WhiteTeamCountry "GER"]
[BlackTeamCountry "GER"]

1. e4 c5 2. Nc3 d6 3. f4 g6 4. Nf3 Bg7 5. Bc4 Nc6 6. 0-0 e6 7. d3 Nge7 8. Qe1 0-0 9. Qh4 d5 10. Bb3 Na5 11. f5 gxf5 12. Bh6 Nxb3 13. axb3 f6 14. Qg3 Ng6 15. Bxg7 Kxg7 16. exf5 exf5 17. Nh4 Be6 18. Nxf5+ Kh8 19. Rae1 Qd7 20. Qd6 Bxf5 21. Qxd5 Qxd5 22. Nxd5 Bd7 23. Nxf6 Bc6 24. Re7 0-1

[Event "GER-chT U20"]
[Site "Willingen"]
[Date "2021.06.26"]
[Round "6"]
[White "Taras, Simon"]
[Black "Jahrke, Jonas"]
[Result "1-0"]
[WhiteElo "1690"]
[BlackElo "1837"]
[PlyCount "107"]
[EventDate "2021.06.24"]
[EventType "team-swiss"]
[EventRounds "7"]
[EventCountry "GER"]
[SourceTitle "CBM 203 Extra"]
[Source "ChessBase"]
[SourceDate "2021.09.30"]
[SourceVersion "1"]
[SourceVersionDate "2021.09.30"]
[SourceQuality "1"]
[WhiteTeam "Bebenhausen"]
[BlackTeam "Essen Katernberg"]
[WhiteTeamCountry "GER"]
[BlackTeamCountry "GER"]

1. d4 Nf6 2. c4 c5 3. d5 b5 4. cxb5 a6 5. bxa6 g6 6. Nc3 Bg7 7. e4 0-0 8. Nf3 d6 9. Nd2 Nbd7 10. Nc4 Nb6 11. a4 Bxa6 12. Nxb6 Qxb6 13. Qc2 Bxf1 14. Kxf1 Rfb8 15. Nb5 Ne8 16. g3 Nc7 17. Nxc7 Qxc7 18. Kg2 Qb6 19. Ra2 Qb3 20. Qxb3 Rxb3 21. Re1 Rb4 22. a5 Rb5 23. Bd2 Rxb2 24. Rxb2 Bxb2 25. Rb1 Bf6 26. Bh6 Bg7 27. Bxg7 Kxg7 28. Ra1 g5 29. f4 Kg6 30. Kf3 f5 31. e5 g4+ 32. Ke3 Kf7 33. Kd3 Ke8 34. Kc4 Kd7 35. Kb5 Rb8+ 36. Kc4 Rb4+ 37. Kc3 Kc7 38. a6 Kb8 39. a7+ Ka8 40. exd6 exd6 41. Ra6 Rd4 42. Rxd6 Kxa7 43. Rh6 Rxd5 44. Kc4 Rd2 45. Kxc5 Kb7 46. Rxh7+ Kc8 47. Rh5 Kd7 48. Rxf5 Rxh2 49. Rg5 Ke6 50. Rxg4 Rh5+ 51. Kd4 Kf6 52. Ke4 Ra5 53. Rg8 Kf7 54. Rg5 1-0

[Event "GER-chT U20"]
[Site "Willingen"]
[Date "2021.06.24"]
[Round "2"]
[White "Grunwald, Jonathan"]
[Black "Jahrke, Jonas"]
[Result "1/2-1/2"]
[WhiteElo "1798"]
[BlackElo "1837"]
[PlyCount "159"]
[EventDate "2021.06.24"]
[EventType "team-swiss"]
[EventRounds "7"]
[EventCountry "GER"]
[SourceTitle "CBM 203 Extra"]
[Source "ChessBase"]
[SourceDate "2021.09.30"]
[SourceVersion "1"]
[SourceVersionDate "2021.09.30"]
[SourceQuality "1"]
[WhiteTeam "Biebertal"]
[BlackTeam "Essen Katernberg"]
[WhiteTeamCountry "GER"]
[BlackTeamCountry "GER"]

1. e4 c5 2. Nc3 a6 3. Nf3 d6 4. d4 cxd4 5. Nxd4 Nf6 6. g3 e5 7. Nde2 b5 8. Bg2 Be7 9. Nd5 Nxd5 10. Qxd5 Ra7 11. Be3 Bb7 12. Qd3 Ra8 13. Nc3 Nd7 14. 0-0 Nf6 15. Rad1 0-0 16. Bg5 Ne8 17. Bxe7 Qxe7 18. Nd5 Bxd5 19. Qxd5 Rc8 20. Rd2 Rc5 21. Qd3 Qe6 22. a4 Qc4 23. axb5 axb5 24. Qxc4 Rxc4 25. c3 Rc6 26. Rfd1 g6 27. Bf1 Rb6 28. Rd5 b4 29. Rb5 Rxb5 30. Bxb5 bxc3 31. bxc3 Nc7 32. Bf1 Rd8 33. c4 Ne6 34. Rd5 Kf8 35. f3 Ke7 36. Ra5 Rd7 37. Kf2 Rb7 38. Ra2 Nd4 39. f4 f6 40. fxe5 fxe5 41. Bg2 Kd7 42. Bh3+ Ke7 43. Bg4 h5 44. Be2 Rb4 45. Bf1 Rb3 46. Be2 Rc3 47. Bf1 Rf3+ 48. Kg1 Re3 49. Bg2 Rc3 50. Bf1 Nf3+ 51. Kg2 Ng5 52. Ra7+ Ke6 53. c5 Rc2+ 54. Kh1 Nf3 55. Bh3+ Kf6 56. Bg2 Rc1+ 57. Bf1 Rxf1+ 58. Kg2 Rd1 59. Kxf3 dxc5 60. Ra6+ Kf7 61. Rc6 Rc1 62. Ke3 Rc2 63. Kd3 Rxh2 64. Rxc5 Rh3 65. Rxe5 Rxg3+ 66. Ke2 Kf6 67. Ra5 h4 68. Kf2 Ke6 69. Rb5 g5 70. Rf5 g4 71. Rg5 Rf3+ 72. Ke2 Rg3 73. Kf2 Kf6 74. Rf5+ Kg6 75. Rf4 Kg7 76. Rf5 Kh6 77. Rf6+ Kg7 78. Rf5 Kg6 79. Rf4 Kg7 80. Rf5 1/2-1/2

[Event "GER-chT U14"]
[Site "Magdeburg"]
[Date "2019.12.30"]
[Round "7.3"]
[White "Schubert, Nikita"]
[Black "Jahrke, Jonas"]
[Result "0-1"]
[WhiteElo "1914"]
[BlackElo "1833"]
[PlyCount "60"]
[EventDate "2019.12.27"]
[EventType "team-swiss"]
[EventRounds "7"]
[EventCountry "GER"]
[SourceTitle "CBM 194 Extra"]
[Source "ChessBase"]
[SourceDate "2020.03.31"]
[SourceVersion "1"]
[SourceVersionDate "2020.03.31"]
[SourceQuality "1"]
[WhiteTeam "Gera"]
[BlackTeam "Essen Katernberg"]
[WhiteTeamCountry "GER"]
[BlackTeamCountry "GER"]

1. d4 Nf6 2. c4 c5 3. d5 b5 4. Nd2 g6 5. e4 d6 6. cxb5 a6 7. bxa6 Bg7 8. Bb5+ Nbd7 9. Ne2 Bxa6 10. Bxa6 Rxa6 11. 0-0 0-0 12. Nc3 Nb6 13. Qe2 Qa8 14. Rb1 Nfd7 15. a3 Rb8 16. Nb5 Qb7 17. b3 Nxd5 18. exd5 Qxb5 19. Qxe7 Nf6 20. Ne4 Nxd5 21. Qh4 Re8 22. Ng5 h6 23. Nf3 Nc3 24. Rb2 Ne2+ 25. Rxe2 Qxe2 26. Bxh6 Bxh6 27. Qxh6 Rxa3 28. h4 Qxf1+ 29. Kh2 Qxf2 30. h5 Ra2 0-1

[Event "GER-chT U14"]
[Site "Magdeburg"]
[Date "2019.12.28"]
[Round "4.7"]
[White "Toval, David"]
[Black "Jahrke, Jonas"]
[Result "1/2-1/2"]
[WhiteElo "1853"]
[BlackElo "1833"]
[PlyCount "40"]
[EventDate "2019.12.27"]
[EventType "team-swiss"]
[EventRounds "7"]
[EventCountry "GER"]
[SourceTitle "CBM 194 Extra"]
[Source "ChessBase"]
[SourceDate "2020.03.31"]
[SourceVersion "1"]
[SourceVersionDate "2020.03.31"]
[SourceQuality "1"]
[WhiteTeam "Muenster 32"]
[BlackTeam "Essen Katernberg"]
[WhiteTeamCountry "GER"]
[BlackTeamCountry "GER"]

1. e4 c5 2. Nf3 a6 3. c3 d5 4. exd5 Qxd5 5. d4 e6 6. Bd3 Nf6 7. 0-0 Nc6 8. Bg5 Be7 9. dxc5 Qxc5 10. Nbd2 0-0 11. Nb3 Qb6 12. Qc2 h6 13. Bh4 Nd5 14. Bg3 Bd7 15. a4 Rac8 16. a5 Qa7 17. Qe2 Rfd8 18. Nfd2 Be8 19. Nc4 Nb8 20. Be4 Bb5 1/2-1/2

[Event "Dortmund Sparkassen op-B 47th"]
[Site "Dortmund"]
[Date "2019.07.16"]
[Round "4"]
[White "Jahrke, Jonas"]
[Black "Karbyshev, Aleksandr"]
[Result "1-0"]
[WhiteElo "1875"]
[BlackElo "1654"]
[PlyCount "125"]
[EventDate "2019.07.13"]
[EventType "swiss"]
[EventRounds "9"]
[EventCountry "GER"]
[SourceTitle "CBM 192 Extra"]
[Source "Chessbase"]
[SourceDate "2019.11.06"]
[SourceVersion "1"]
[SourceVersionDate "2019.11.06"]
[SourceQuality "1"]

1. e4 c5 2. Nf3 d6 3. d4 cxd4 4. Nxd4 Nf6 5. Nc3 a6 6. Bg5 e6 7. f4 h6 8. Bh4 Nbd7 9. Qf3 Qc7 10. 0-0-0 b5 11. Bd3 Bb7 12. Rhe1 b4 13. Nce2 d5 14. e5 Ne4 15. Nxe6 Qb6 16. N6d4 Ndc5 17. Bxe4 dxe4 18. Qg3 a5 19. Nf5 b3 20. axb3 a4 21. Nxg7+ Bxg7 22. Qxg7 Rf8 23. Qf6 Qxf6 24. Bxf6 axb3 25. Nc3 Rg8 26. g3 Rg6 27. Kb1 bxc2+ 28. Kxc2 Rc8 29. Kb1 Kf8 30. Re3 Bc6 31. Nd5 Rxf6 32. Nxf6 Ke7 33. Nd5+ Ke6 34. Nb6 Rc7 35. Rd6+ Kf5 36. h3 Ne6 37. Rc3 e3 38. Rxe3 Be4+ 39. Ka2 Rc1 40. Nd5 Bb1+ 41. Ka3 Kg6 42. Nc3 Bc2 43. Kb4 Kg7 44. f5 Bxf5 45. g4 Bc2 46. Rd2 Bg6 47. Rd1 Rc2 48. Re2 Nf4 49. Rxc2 Bxc2 50. Rd2 Bd3 51. Ka5 Bg6 52. b4 Ne6 53. b5 Nc5 54. Kb4 Nd3+ 55. Rxd3 Bxd3 56. b6 Ba6 57. Ne4 Bb7 58. Nd6 Ba8 59. b7 Bxb7 60. Nxb7 Kf8 61. Kc5 Ke7 62. Kd5 f6 63. e6 1-0

[Event "Gelsenkirchen Silvester op 6th"]
[Site "Gelsenkirchen"]
[Date "2018.12.30"]
[Round "7"]
[White "Rades, Andreas"]
[Black "Jahrke, Jonas"]
[Result "0-1"]
[WhiteElo "1527"]
[BlackElo "1744"]
[PlyCount "76"]
[EventDate "2018.12.27"]
[EventType "swiss"]
[EventRounds "7"]
[EventCountry "GER"]
[SourceTitle "CBM 188 Extra"]
[Source "ChessBase"]
[SourceDate "2019.02.26"]
[SourceVersion "1"]
[SourceVersionDate "2019.02.26"]
[SourceQuality "1"]

1. Nf3 Nf6 2. g3 g6 3. Bg2 Bg7 4. d4 0-0 5. 0-0 d5 6. Nbd2 b6 7. Ne5 Bb7 8. c4 e6 9. h3 Nbd7 10. Ndf3 c5 11. b3 Rc8 12. Ba3 Re8 13. Rc1 h5 14. e3 Qc7 15. Bb2 Qb8 16. Re1 Red8 17. Qe2 Nxe5 18. Nxe5 Nd7 19. Nf3 Ba6 20. Qd1 cxd4 21. cxd5 dxe3 22. Rxc8 Qxc8 23. Bxg7 Kxg7 24. Qd4+ Nf6 25. Qxe3 Nxd5 26. Qe5+ Kg8 27. Qb2 Bb7 28. Rd1 Ne7 29. Rxd8+ Qxd8 30. Qd2 Qxd2 31. Nxd2 Bxg2 32. Kxg2 Nd5 33. Nb1 Kf8 34. Kf3 Ke7 35. Ke4 Kd6 36. f4 f5+ 37. Kd4 h4 38. Nc3 Nxc3 0-1

[Event "Gelsenkirchen Silvester op 6th"]
[Site "Gelsenkirchen"]
[Date "2018.12.29"]
[Round "6"]
[White "Hart, Theo1111"]
[Black "Jahrke, Jonas"]
[Result "1-0"]
[WhiteElo "1922"]
[BlackElo "1744"]
[PlyCount "67"]
[EventDate "2018.12.27"]
[EventType "swiss"]
[EventRounds "7"]
[EventCountry "GER"]
[SourceTitle "CBM 188 Extra"]
[Source "ChessBase"]
[SourceDate "2019.02.26"]
[SourceVersion "1"]
[SourceVersionDate "2019.02.26"]
[SourceQuality "1"]

1. d4 Nf6 2. Nf3 g6 3. g3 Bg7 4. Bg2 0-0 5. 0-0 d6 6. c4 Nbd7 7. Nc3 e5 8. e4 Re8 9. dxe5 dxe5 10. Qc2 c6 11. Rd1 Qc7 12. h3 h6 13. Be3 Nb6 14. b3 Be6 15. c5 Nbd7 16. Rd2 Rad8 17. Rad1 Kh7 18. g4 Ng8 19. Ne2 Ne7 20. Ng3 a5 21. Nf5 gxf5 22. exf5 Bxf5 23. gxf5 f6 24. Nh4 Nb8 25. Rd6 Na6 26. a3 Qc8 27. Be4 Nc7 28. Qe2 Ncd5 29. R1xd5 cxd5 30. Qh5 d4 31. Bxh6 Bxh6 32. Rxf6 Rg8+ 33. Kh2 Rg7 34. Rxh6+ 1-0

[Event "GER-chT U14"]
[Site "Verden an der Aller"]
[Date "2017.12.29"]
[Round "6.1"]
[White "Jahrke, Jonas"]
[Black "Burian, Simon"]
[Result "1/2-1/2"]
[WhiteElo "1666"]
[BlackElo "1980"]
[PlyCount "83"]
[EventDate "2017.12.26"]
[EventType "team-swiss"]
[EventRounds "7"]
[EventCountry "GER"]
[SourceTitle "CBM 182 Extra"]
[Source "ChessBase"]
[SourceDate "2018.02.23"]
[SourceVersion "1"]
[SourceVersionDate "2018.02.23"]
[SourceQuality "1"]
[WhiteTeam "Essen Katernberg"]
[BlackTeam "Plauen Koenig"]
[WhiteTeamCountry "GER"]
[BlackTeamCountry "GER"]

1. e4 c5 2. Nf3 d6 3. d4 cxd4 4. Nxd4 Nf6 5. Nc3 a6 6. Bg5 e6 7. f4 Be7 8. Qf3 Nbd7 9. Bd3 Qc7 10. 0-0-0 h6 11. Bh4 b5 12. Kb1 Bb7 13. Qg3 Rg8 14. Rde1 0-0-0 15. Bxf6 Bxf6 16. Nde2 Nc5 17. Qe3 Kb8 18. Rhf1 Rd7 19. h3 Rgd8 20. g3 Rf8 21. Rc1 Qd8 22. Rfd1 g6 23. e5 dxe5 24. fxe5 Bg5 25. Nf4 Nxd3 26. cxd3 h5 27. h4 Bxf4 28. Qxf4 Rxd3 29. Rxd3 Qxd3+ 30. Ka1 Qf5 31. Qe3 Rd8 32. Qe2 Qd3 33. Qf2 Qd2 34. Rf1 Qxf2 35. Rxf2 Rd7 36. Kb1 Kc7 37. Kc2 Kd8 38. Rd2 Bc6 39. Rxd7+ Kxd7 40. Kd3 Bg2 41. Kd4 Kc6 42. b4 1/2-1/2

[Event "Dortmund Sparkassen op-B 44th"]
[Site "Dortmund"]
[Date "2016.07.15"]
[Round "7"]
[White "Skapski, Miroslav"]
[Black "Jahrke, Jonas"]
[Result "1-0"]
[WhiteElo "1540"]
[BlackElo "1383"]
[PlyCount "103"]
[EventDate "2016.07.09"]
[EventType "swiss"]
[EventRounds "9"]
[EventCountry "GER"]
[SourceTitle "CBM 173 Extra"]
[Source "ChessBase"]
[SourceDate "2016.08.29"]
[SourceVersion "1"]
[SourceVersionDate "2016.08.29"]
[SourceQuality "1"]

1. e4 c5 2. Nf3 e6 3. d4 cxd4 4. Nxd4 a6 5. Nc3 Qc7 6. Be2 Nf6 7. 0-0 b5 8. Bf3 Bb7 9. Re1 d6 10. Bg5 Nbd7 11. Rc1 Be7 12. g3 0-0 13. Bg2 h6 14. Bd2 Nc5 15. Nb3 b4 16. Nb1 Ncxe4 17. Bxb4 Qb6 18. Qd4 Qxd4 19. Nxd4 Rab8 20. Ba3 Rfe8 21. f3 Ng5 22. h4 Ngh7 23. Nd2 d5 24. Bxe7 Rxe7 25. Re3 Ree8 26. Rce1 Nf8 27. Bf1 N8d7 28. Rc3 Rec8 29. Rxc8+ Rxc8 30. f4 Nc5 31. Bg2 g6 32. b3 Ncd7 33. c4 Nb8 34. Rc1 Nbd7 35. b4 Nb6 36. c5 Nbd7 37. N2b3 Nb8 38. a4 Nc6 39. b5 Na7 40. c6 Ba8 41. Na5 axb5 42. axb5 Rb8 43. c7 Re8 44. b6 Nc8 45. b7 Bxb7 46. Nxb7 Re7 47. Nb5 Ne8 48. Rc6 d4 49. N7d6 Nexd6 50. Nxd6 d3 51. Nxc8 d2 52. Nxe7+ 1-0

[Event "GER-ch U25-B"]
[Site "Willingen"]
[Date "2016.05.19"]
[Round "7"]
[White "Grey, Andrea"]
[Black "Jahrke, Jonas"]
[Result "1/2-1/2"]
[WhiteElo "1383"]
[BlackElo "1417"]
[PlyCount "60"]
[EventDate "2016.05.15"]
[EventType "swiss"]
[EventRounds "9"]
[EventCountry "GER"]
[SourceTitle "CBM 172 Extra"]
[Source "ChessBase"]
[SourceDate "2016.06.21"]
[SourceVersion "1"]
[SourceVersionDate "2016.06.21"]
[SourceQuality "1"]

1. Nf3 Nf6 2. b3 g6 3. Bb2 Bg7 4. d4 0-0 5. c4 d6 6. e3 e5 7. dxe5 dxe5 8. Qxd8 Rxd8 9. Bxe5 Nc6 10. Bb2 Nb4 11. Na3 Ne4 12. Bxg7 Kxg7 13. Be2 Nc3 14. Bd1 Nd3+ 15. Kf1 Nb4 16. Ke1 Nbxa2 17. Nb5 Nxb5 18. Rxa2 Nc3 19. Rd2 Bg4 20. h3 Nxd1 21. Kxd1 Bxf3+ 22. gxf3 Rxd2+ 23. Kxd2 Rd8+ 24. Kc2 Kf6 25. Rg1 a5 26. h4 b6 27. Rg5 Re8 28. Rd5 Re5 29. Rd7 Rh5 30. Rxc7 Rxh4 1/2-1/2

[Event "GER-ch U25-B"]
[Site "Willingen"]
[Date "2016.05.17"]
[Round "4"]
[White "Jahrke, Jonas"]
[Black "Rempe, Jonas"]
[Result "0-1"]
[WhiteElo "1417"]
[BlackElo "1245"]
[PlyCount "76"]
[EventDate "2016.05.15"]
[EventType "swiss"]
[EventRounds "9"]
[EventCountry "GER"]
[SourceTitle "CBM 172 Extra"]
[Source "ChessBase"]
[SourceDate "2016.06.21"]
[SourceVersion "1"]
[SourceVersionDate "2016.06.21"]
[SourceQuality "1"]

1. e4 e5 2. Nf3 Nc6 3. Bc4 Nf6 4. Ng5 d5 5. exd5 Na5 6. Bb5+ c6 7. dxc6 bxc6 8. Qf3 Be7 9. Bxc6+ Nxc6 10. Qxc6+ Bd7 11. Qc4 0-0 12. Nc3 Rc8 13. Qe2 h6 14. Nf3 Re8 15. d3 Bc6 16. 0-0 Bd6 17. Be3 e4 18. dxe4 Nxe4 19. Nxe4 Rxe4 20. Rad1 Qf6 21. Rd4 Rce8 22. c3 Qg6 23. Rfd1 Bc7 24. Rxe4 Rxe4 25. Qd3 f5 26. h3 Ra4 27. a3 Bxf3 28. Qf1 Bxd1 29. Qxd1 Rh4 30. c4 Kh7 31. Qf3 f4 32. Bd4 Bb6 33. Be5 Rh5 34. Bxf4 Rf5 35. b4 Bc7 36. c5 Rxf4 37. Qb7 Qb1+ 38. Kh2 Rf7+ 0-1

[Event "GER-ch U25-B"]
[Site "Willingen"]
[Date "2016.05.17"]
[Round "5"]
[White "Reuker, Ronja"]
[Black "Jahrke, Jonas"]
[Result "0-1"]
[WhiteElo "1132"]
[BlackElo "1417"]
[PlyCount "48"]
[EventDate "2016.05.15"]
[EventType "swiss"]
[EventRounds "9"]
[EventCountry "GER"]
[SourceTitle "CBM 172 Extra"]
[Source "ChessBase"]
[SourceDate "2016.06.21"]
[SourceVersion "1"]
[SourceVersionDate "2016.06.21"]
[SourceQuality "1"]

1. e4 c5 2. Nf3 e6 3. d4 cxd4 4. Nxd4 a6 5. Nc3 Qc7 6. Bd3 b5 7. a3 Bb7 8. 0-0 Nf6 9. Re1 d6 10. Bg5 Nbd7 11. Bh4 Be7 12. Bg3 0-0 13. Qe2 Rac8 14. e5 dxe5 15. Bxe5 Nxe5 16. Qxe5 Bd6 17. Qe3 Bxh2+ 18. Kh1 h6 19. Ne4 Nd5 20. Qf3 Be5 21. c3 Bxd4 22. cxd4 Qf4 23. Qxf4 Nxf4 24. Re3 Nxd3 0-1

[Event "GER-ch U10"]
[Site "Willingen"]
[Date "2015.05.29"]
[Round "9"]
[White "Jahrke, Jonas"]
[Black "Huo, Da"]
[Result "1/2-1/2"]
[WhiteElo "1372"]
[BlackElo "1179"]
[PlyCount "88"]
[EventDate "2015.05.24"]
[EventType "swiss"]
[EventRounds "11"]
[EventCountry "GER"]
[SourceTitle "CBM 166 Extra"]
[Source "ChessBase"]
[SourceDate "2015.06.18"]
[SourceVersion "1"]
[SourceVersionDate "2015.06.18"]
[SourceQuality "1"]

1. Nf3 Nf6 2. g3 g6 3. Bg2 Bg7 4. 0-0 0-0 5. c4 c5 6. Nc3 Nc6 7. e3 e6 8. d4 cxd4 9. exd4 d5 10. cxd5 Nxd5 11. Be3 Nce7 12. Rc1 Bd7 13. Qd2 Nxe3 14. fxe3 Bc6 15. Ne2 Qd7 16. Rfd1 Rfd8 17. Rc2 Rac8 18. Nf4 Nd5 19. Nd3 Ne7 20. Nde5 Bxe5 21. Nxe5 Qe8 22. Nxc6 Nxc6 23. Rf1 e5 24. d5 f5 25. Qe1 Ne7 26. Rxc8 Rxc8 27. d6 Nc6 28. Rf2 e4 29. a3 a6 30. Rd2 Qd7 31. Bf1 b5 32. a4 Na7 33. axb5 axb5 34. b4 Rb8 35. Qa1 Rd8 36. Qa2+ Qf7 37. Qxf7+ Kxf7 38. Ra2 Rd7 39. Ra6 Kf6 40. Kf2 h6 41. Bh3 h5 42. Bf1 g5 43. h4 g4 44. Be2 Ke5 1/2-1/2